000 00684nam a2200277Ia 4500
005 20260324151037.0
008 008 260324s9999 xx 000 0 eng d
020 _a9780429056772
037 _aEBOOK
040 _aCRL
040 _beng
040 _cCRL
041 _2eng
041 _aeng
084 _qCRL
100 _aCH. V. Langlois; CH. Seignobos; G. G. Berry; F. York Powell
_91228527
245 0 _aIntroduction to the Study of History
260 _bTaylor and Francis
260 _c1906
365 _a
365 _b205
856 _uhttp://www.taylorfrancis.com/books/9780429056772
942 _cEBOOK
999 _c1838988
_d1838988